Joueurs de football par images - G - Statistiques

Statistiques générales
  • Ce quiz a été pris 1 783 fois
  • Le résultat moyen est 15 sur 20
Statistiques - réponses
Par images Réponse % Correct
Olivier Giroud
99%
Antoine Griezmann
98%
Gavi
97%
İlkay Gündoğan
91%
Steven Gerrard
89%
Pep Guardiola
85%
Ruud Gullit
85%
Serge Gnabry
84%
Leon Goretzka
79%
Gennaro Gattuso
77%
Aleksandr Golovin
74%
Cody Gakpo
74%
Yoann Gourcuff
74%
Diego Godín
73%
Garrincha
69%
Ryan Giggs
69%
Gervinho
65%
Guti
44%
David Ginola
41%
Fabio Grosso
33%
Aucun quiz correspondant
Distribution des résultats
% des personnes avec chaque résultat
Percentile par nombre de réponses
Votre historique - résultats
Vous n’avez pas pris ce quiz